00605nam a2200205Ia 4500008004000000041000800040082001000048100002700058245004500085260002100130650000800151650001200159650001600171650001100187650001400198690003000212906001100242999001900253952012700272210210b1941 xxu||||| |||| 00| 0 eng d aeng a884/8 aIYER (Krishnasvamy) Ed aSrimad valmiki RamAyana: VII uttarakAnDa aPalghatb-c1941 aVII avalmiki auttarakAnDa aSrimad aRamAyana: aSanskrit Purana & Smrithi a024416 c149907d149907 001040708SanskritaALbALcSanskrit Literatured2021-02-17g0.00l0o884/8p024416r2021-02-17 00:00:00w2021-02-17yBK